000 00641nam a2200277Ia 4500
005 20260324130312.0
008 008 260324s9999 xx 000 0 eng d
020 _a9780203939604
037 _aEBOOK
040 _aCRL
040 _beng
040 _cCRL
041 _2eng
041 _aeng
084 _qCRL
100 _aGabriel Reynolds
_91167461
245 4 _aThe Qur'an in its Historical Context
260 _bTaylor and Francis
260 _c2007
365 _a
365 _b280
856 _uhttp://www.taylorfrancis.com/books/9780203939604
942 _cEBOOK
999 _c1777320
_d1777320